| 000 | 00564nam a22001937a 4500 | ||
|---|---|---|---|
| 003 | OSt | ||
| 005 | 20140310182225.0 | ||
| 008 | 130910t xxu||||| |||| 00| 0 eng d | ||
| 020 | _a0440227216 | ||
| 050 |
_aPZ 7 _b.Sp7376wi 1997 |
||
| 082 |
_aFIC Sp3w _b1986 |
||
| 100 |
_aSpeare, Elizabeth George _94465 |
||
| 245 |
_aThe witch of blackbird pond _cElizabeth George Speare. |
||
| 260 |
_aNew York : _bBantam Doubleday Dell Publising Group, Inc, _cc1986. |
||
| 300 |
_a249 p. : _bill. : _c17 cm. |
||
| 942 |
_2lcc _cBK-FIC |
||
| 999 |
_c10778 _d10778 |
||